000 00766nam a22002297a 4500
005 20251108165502.0
008 250721s2000 xx 000 0 ara d
082 1 4 _aم/216.22/سلم
100 1 _aآل سليمان، مشهور بن حسن
245 1 0 _aفقه الجمع بين الصلاتين في الحضر بعذر المطر /
264 1 _aبيروت :
_bدار ابن حزم للطباعه،
_c2000.
300 _a353ص
650 1 7 _aأصول الفقه الإسلامي
650 1 7 _aالفقه الإسلامي
650 1 7 _aالصلوات
650 1 7 _aصلاة العصر
650 1 7 _aصلاة الظهر
650 1 7 _aصلاة المغرب
650 1 7 _aصلاة العشاء صلاة الفجر
942 _2ddc
_cREF
999 _c29028
_d29028